Score 0/24 Timer 05:00
0 Plays Today
Letter Country % Correct
CChina
95.4%
FFinland
92.2%
EEstonia
90.4%
LLatvia/Lithuania
89.9%
NNorth Korea/Norway
89.5%
BBelarus
88.7%
MMongolia
87.1%
UUkraine
86.2%
JJapan
84.7%
PPoland
84.2%
DDenmark
83.3%
KKazakhstan
82.8%
Letter Country % Correct
GGeorgia
82.6%
AAzerbaijan
82%
QQatar
81.3%
OOman
79.3%
YYemen
77.9%
TTurkey
75.4%
SSweden
74.7%
ZZambia
74.6%
RRomania
72.1%
HHungary
72%
IIran
68.8%
VVatican City
55.1%
Remove Ads.
Support Sporcle.
Get the best of Sporcle when you Go Orange. This ad-free experience offers more features, more stats, and more fun while also helping to support Sporcle. Thank you for becoming a member.

You're not logged in!

Compare scores with friends on all Sporcle quizzes.
OR
Log In

Sporcle TV

Today on Sporcle TV


Watch our educational content, quiz creation guides, and fun videos on Sporcle TV.

Show Comments

Extras

Top Quizzes Today


Score Distribution

Paid Content

Your Account Isn't Verified!

In order to create a playlist on Sporcle, you need to verify the email address you used during registration. Go to your Sporcle Settings to finish the process.

Report this User

Report this user for behavior that violates our Community Guidelines.

Details: